| 000 | 00920nam a2200265 a 4500 | ||
|---|---|---|---|
| 001 | 000026009 | ||
| 003 | OSt | ||
| 005 | 20260321073641.0 | ||
| 008 | 110225s2002 dr 000 0 spa d | ||
| 020 | _a9993476129 | ||
| 040 |
_aDO-SdBNP _bspa _cBNPHU |
||
| 082 |
_a923.57293 _bG633b, 2002 |
||
| 100 | 1 |
_a Bosch, Juan, _d1909-2001 _976555 |
|
| 245 | 1 | 0 |
_aMáximo Gómez de Monte Cristi a la gloria: / _ctres años de guerra en Cuba. |
| 250 | _a4a ed. | ||
| 260 |
_aSanto Domingo : _bAlfa & Omega, _c2002. |
||
| 300 |
_a137 p. ; _c21 cm. |
||
| 504 | _aIncluye referencias bibliográficas y notas al pie de las páginas. | ||
| 590 | _aInventariado, 2020 / DG | ||
| 600 | 1 | 0 |
_aGómez, Máximo, _d1836-1905 _912249 |
| 651 | 4 |
_aCuba _xHistoria _yGuerra de los diez años, 1868-1878 _911018 |
|
| 651 | 4 |
_aCuba _xHistoria _yGuerra de independencia, 1895-1898 _952913 |
|
| 910 | _aInventariado, 2020 / DG | ||
| 942 |
_2ddc _cLBS1 |
||
| 999 |
_c25501 _d25501 |
||